Control systems technology (Record no. 13103)
[ view plain ]
| 000 -LEADER | |
|---|---|
| fixed length control field | 00710nam a2200241 a 4500 |
| 001 - CONTROL NUMBER | |
| control field | ASIN8131788245 |
| 005 - DATE AND TIME OF LATEST TRANSACTION | |
| control field | 20170105102414.0 |
| 008 - FIXED-LENGTH DATA ELEMENTS--GENERAL INFORMATION | |
| fixed length control field | 150217s xxu eng d |
| 020 ## - INTERNATIONAL STANDARD BOOK NUMBER | |
| International Standard Book Number | 8131788245 (paperback) |
| 020 ## - INTERNATIONAL STANDARD BOOK NUMBER | |
| International Standard Book Number | 9788131788240 (paperback) |
| 040 ## - CATALOGING SOURCE | |
| Original cataloging agency | 0 |
| 050 ## - LIBRARY OF CONGRESS CALL NUMBER | |
| Classification number | 629.8 JOH |
| 082 ## - DEWEY DECIMAL CLASSIFICATION NUMBER | |
| Classification number | 629.8 JOH |
| 100 1# - MAIN ENTRY--PERSONAL NAME | |
| Personal name | Malki, Johnson/ |
| 245 10 - TITLE STATEMENT | |
| Title | Control systems technology |
| Statement of responsibility, etc. | Johnson/ Malki. |
| 250 ## - EDITION STATEMENT | |
| Edition statement | International Edition. |
| 260 ## - PUBLICATION, DISTRIBUTION, ETC. | |
| Place of publication, distribution, etc. | [S.l.] : |
| Name of publisher, distributor, etc. | PEARSON EDUCATION, |
| 300 ## - PHYSICAL DESCRIPTION | |
| Extent | 1 v. (unpaged) ; |
| Dimensions | 24 cm. |
| 650 ## - SUBJECT ADDED ENTRY--TOPICAL TERM | |
| Form subdivision | Process control |
| 700 ## - ADDED ENTRY--PERSONAL NAME | |
| Dates associated with a name | Heidar Malki |
| 856 40 - ELECTRONIC LOCATION AND ACCESS | |
| Materials specified | Amazon.com |
| Uniform Resource Identifier | <a href="http://www.amazon.com/exec/obidos/ASIN/8131788245/chopaconline-20">http://www.amazon.com/exec/obidos/ASIN/8131788245/chopaconline-20</a> |
| 942 ## - ADDED ENTRY ELEMENTS (KOHA) | |
| Source of classification or shelving scheme | |
| Koha item type | Book |
| Withdrawn status | Lost status | Damaged status | Not for loan | Collection code | Permanent Location | Current Location | Shelving location | Date acquired | Source of acquisition | Cost, normal purchase price | Total Checkouts | Full call number | Barcode | Date last seen | Price effective from | Koha item type |
|---|---|---|---|---|---|---|---|---|---|---|---|---|---|---|---|---|
| Central Library (CL) | Central Library (CL) | General Stacks | 02/17/2015 | Golden Books | 403.20 | 629.8 JOH | SEECS013258 | 02/15/2015 | 02/15/2015 | Book |
